pokemon that start with B - Statistics

General Stats
  • This quiz has been taken 6 times
  • The average score is 14 of 54
Answer Stats
Hint Answer % Correct
Gen I Bulbasaur
100%
Gen III Bagon
50%
Gen III Banette
50%
Gen III Barboach
50%
Gen VIII Basculegion
50%
Gen V Basculin
50%
Gen I Beedrill
50%
Gen II Bellossom
50%
Gen I Bellsprout
50%
Gen IV Bibarel
50%
Gen IV Bidoof
50%
Gen I Blastoise
50%
Gen IV Budew
50%
Gen IV Buneary
50%
Gen VI Bunnelby
50%
Gen IV Burmy
50%
Gen I Butterfree
50%
Gen III Baltoy
25%
Gen IV Bastiodon
25%
Gen II Bayleef
25%
Gen V Beartic
25%
Gen III Beautifly
25%
Gen V Beheeyem
25%
Gen III Beldum
25%
Gen III Blaziken
25%
Gen II Blissey
25%
Gen V Boldore
25%
Gen VIII Boltund
25%
Gen IV Bonsly
25%
Gen V Bouffalant
25%
Gen VII Bounsweet
25%
Gen VI Braixen
25%
Gen IV Bronzong
25%
Gen IV Bronzor
25%
Gen IV Buizel
25%
Gen VI Barbaracle
0%
Gen VIII Barraskewda
0%
Gen IX Baxcalibur
0%
Gen IX Bellibolt
0%
Gen VI Bergmite
0%
Gen VII Bewear
0%
Gen VI Binacle
0%
Gen V Bisharp
0%
Gen VII Blacephalon
0%
Gen VIII Blipbug
0%
Gen V Blitzle
0%
Gen IX Bombirdier
0%
Gen IX Brambleghast
0%
Gen IX Bramblin
0%
Gen V Braviary
0%
Gen III Breloom
0%
Gen VII Brionne
0%
Gen VII Bruxish
0%
Gen VII Buzzwole
0%
No matching quizzes found
Score Distribution
Percent of People with Each Score
Percentile by Number Answered
Your Score History
You have not taken this quiz